| 000 | 00443nam a22001577a 4500 | ||
|---|---|---|---|
| 999 |
_c118616 _d118616 |
||
| 005 | 20200923091428.0 | ||
| 008 | 200923b ||||| |||| 00| 0 eng d | ||
| 020 | _a9781912268559 | ||
| 040 | _cPK-LaUMT | ||
| 082 |
_a712.0951 _bECO- |
||
| 245 |
_aEco China : _broof gardens and green walls / _cedited by Li Hong |
||
| 260 |
_aLondon : _bDesign Media Publishing, _c2019 |
||
| 300 | _a271 p. | ||
| 650 | _aRoof garden-Green Walls | ||
| 942 | _cBK | ||